000 00512nam a2200181Ia 4500
008 090123s9999 xx 000 0 und d
082 _b10642
100 _aभिडे माधुरी
245 _aहिमपरी
250 _a1
260 _bज्योत्स्ना प्रकाशन
_c1983
300 _a72
600 _aभिडे माधुरी
630 _aहिमपरी
700 _aभिडे माधुरी
730 _aहिमपरी
942 _cBOOK
999 _c48708
_d48708